000 00275nam a22001337a 4500
008 170914b xxu||||| |||| 00| 0 eng d
020 _a035313317644
041 _aeng
080 _a7
100 _a44
101 _aART
245 _aDRAW 3D
_cDUBOSQUE, D
942 _2udc
_cBK
999 _c27643
_d27643